<?xml version="1.0" encoding="UTF-8"?>
<record
    xmlns:xsi="http://www.w3.org/2001/XMLSchema-instance"
    xsi:schemaLocation="http://www.loc.gov/MARC21/slim http://www.loc.gov/standards/marcxml/schema/MARC21slim.xsd"
    xmlns="http://www.loc.gov/MARC21/slim">

  <leader>01759nam a2200289 i 4500</leader>
  <controlfield tag="001">157773</controlfield>
  <controlfield tag="003">ES-MaACL</controlfield>
  <controlfield tag="005">20250930063137.0</controlfield>
  <controlfield tag="008">931025s1788    sp f         |||| | spa d</controlfield>
  <datafield tag="080" ind1=" " ind2=" ">
    <subfield code="a">58</subfield>
  </datafield>
  <datafield tag="100" ind1="0" ind2=" ">
    <subfield code="a">Linn&#xE9;, Carl von, </subfield>
    <subfield code="d">1707-1778</subfield>
    <subfield code="9">72451</subfield>
  </datafield>
  <datafield tag="245" ind1="1" ind2="0">
    <subfield code="a">Parte pr&#xE1;ctica de bot&#xE1;nica / </subfield>
    <subfield code="c">del caballero C&#xE1;rlos Linneo ; que comprehende las clases, &#xF3;rdenes, g&#xE9;neros, especies y variedades de las plantas... ; traducida del latin en castellano e ilustrada por Don Antonio Pal&#xE1;u y Verd&#xE9;ra... ; tomo VIII.</subfield>
  </datafield>
  <datafield tag="260" ind1=" " ind2=" ">
    <subfield code="a">En Madrid : </subfield>
    <subfield code="b">en la Imprenta Real, </subfield>
    <subfield code="c">1788.</subfield>
  </datafield>
  <datafield tag="300" ind1=" " ind2=" ">
    <subfield code="a">[4], 782 [i.e. 482], CLXXVIII p., [2] h. pleg. de l&#xE1;m. ; </subfield>
    <subfield code="c">8&#xBA;.</subfield>
  </datafield>
  <datafield tag="505" ind1="8" ind2=" ">
    <subfield code="a">Contiene: Explicacion del sist&#xE9;ma bot&#xE1;nico del caballero C&#xE1;rlos Linneo... / por Mr. Antonio Gouan, p. I-CXXV . Conclusiones publicas de bot&#xE1;nica que... defendieron... Pedro Perez del Carmen..., Jayme Miralles..., Joseph Garriga... y don Antonio Cai&#xF1;a... baxo la direccion de... Antonio Pal&#xE1;u y Verd&#xE9;ra, p. CXXVII-CLXXVIII</subfield>
  </datafield>
  <datafield tag="546" ind1=" " ind2=" ">
    <subfield code="a">Texto paralelo lat&#xED;n-espa&#xF1;ol.</subfield>
  </datafield>
  <datafield tag="597" ind1=" " ind2=" ">
    <subfield code="a">Sign.: [ ]2, A-Z8, 2A-2G8, 2H1, A-L8, M1.</subfield>
  </datafield>
  <datafield tag="597" ind1=" " ind2=" ">
    <subfield code="a">Error de pag.: en la &#xFA;ltima p. numerada de la primera secuencia de paginaci&#xF3;n.</subfield>
  </datafield>
  <datafield tag="597" ind1=" " ind2=" ">
    <subfield code="a">Parte del texto a dos col.</subfield>
  </datafield>
  <datafield tag="597" ind1=" " ind2=" ">
    <subfield code="a">Las CLXXVIII p. enc. tras port. y [2] h. pleg. de l&#xE1;m.</subfield>
  </datafield>
  <datafield tag="599" ind1=" " ind2=" ">
    <subfield code="a">L&#xE1;m: grab. calc. "Man\pl\s. de la Cruz del\pa\s., Simon Brieva lo gra\pa\s.", retrato de Carlos de Linneo.</subfield>
  </datafield>
  <datafield tag="650" ind1=" " ind2="7">
    <subfield code="a">Bot&#xE1;nica</subfield>
    <subfield code="2">embne</subfield>
    <subfield code="9">10610</subfield>
  </datafield>
  <datafield tag="700" ind1="1" ind2=" ">
    <subfield code="a">Gouan, Antoine. </subfield>
    <subfield code="t">Explicacion del sist&#xE9;ma Bot&#xE1;nico del Caballero C&#xE1;rlos Linneo ...</subfield>
    <subfield code="9">127495</subfield>
  </datafield>
  <datafield tag="700" ind1="1" ind2=" ">
    <subfield code="a">Palau y Verdera, Antonio.</subfield>
    <subfield code="9">88508</subfield>
  </datafield>
  <datafield tag="852" ind1="4" ind2=" ">
    <subfield code="a">ES-MaACL</subfield>
    <subfield code="j">R-2161-69         </subfield>
    <subfield code="z">- Enc. pasta </subfield>
    <subfield code="x"> Olim G-7070-87</subfield>
  </datafield>
  <datafield tag="999" ind1=" " ind2=" ">
    <subfield code="c">157773</subfield>
    <subfield code="d">157773</subfield>
  </datafield>
  <datafield tag="952" ind1=" " ind2=" ">
    <subfield code="0">0</subfield>
    <subfield code="1">0</subfield>
    <subfield code="4">0</subfield>
    <subfield code="7">0</subfield>
    <subfield code="8">LIBXVIII</subfield>
    <subfield code="a">ATENEOM</subfield>
    <subfield code="b">ATENEOM</subfield>
    <subfield code="c">DEPO</subfield>
    <subfield code="d">2008-01-17</subfield>
    <subfield code="l">0</subfield>
    <subfield code="o">R-2161-69</subfield>
    <subfield code="p">1165109</subfield>
    <subfield code="r">2023-02-23 00:00:00</subfield>
    <subfield code="w">2023-02-23</subfield>
    <subfield code="y">MONANT</subfield>
  </datafield>
</record>
